Stratégia za eurá rozvoj kraja sa začína rozvojom výroby

Bibliographic Details
Format: Article
Language:Slovak
ISSN:1336-4030
Subjects:
Online Access:www.vecernik.po.sk

MARC

LEADER 00000nab a2200000 a 4500
001 vtls008703366
003 SK-MaSNL
005 20260303192227.0
008 060524c20060404xo dr n 000 00slo
038 |a SVKPOCL 
040 |a SVKPOCL  |b slo  |c AACR2  |e AACR2 
041 |a slo 
044 |a xo  |c SK 
080 |a 353.9  |2 2001 
245 0 0 |a Stratégia za eurá  |b rozvoj kraja sa začína rozvojom výroby  |c [autor] (mor) 
610 1 7 |a Prešovský samosprávny kraj (Slovensko).  |b Úrad  |2 svkpocl  |9 158655 
630 0 7 |a Regionálna inovačná stratégia (projekt)  |2 svkpocl  |9 1222511 
650 0 7 |a projekty  |x Regionálna inovačná stratégia  |2 svkpocl  |9 1222512 
651 7 |a Prešovský samosprávny kraj (Slovensko)  |2 svkpocl  |9 23301 
773 0 |t Prešovský večerník  |g Roč. XVII, č. 3929 (4.4.2006), s. 2  |x 1336-4030 
852 |a SVKPO  |b KIS3GCP 
856 4 1 |u www.vecernik.po.sk 
958 |a RG 
999 |c 2145021  |d 2146951